000 00616nam a2200217 4500
003 LK-CoMWRAF
005 20231120094419.0
008 231119b1991 |||||||| |||| 00| 0 eng d
020 _a 9211004586
040 _aLK-CoMWRAF
_dLK-CoMWRAF
_eLK-CoMWRAF
041 _aeng
082 _a305.42
_bUNI
110 _aUnited Nations
245 _aWomen:
_bchallenges to the year 2000
260 _aNew York:
_bUnited Nations, Dept. of Public Information,
_c1991
300 _a96 p. ill. 26 cm.;
650 _aWomen--Social conditions
650 _aWomen's rights
650 _aWomen--Developing countries
942 _cBK
999 _c4156
_d4156